000 00798nam a2200253Ia 4500
003 OSt
005 20220923230410.0
006 a|||||r|||| 00| 0
007 ta
008 Pun
020 _c125
024 _a281,278
037 _b857, 12/08/2014, H.K. Prakashan
_cTextual
040 _aARTS
_cARTS
_bPun
041 _2Pun
_aPun
082 _aO153,1NDAx, Q1
100 _aਦਾਊ੍ਵ, ਮਨਮੋਹਨ ਸਿੰਘ
245 0 _aFਾਇਰੀ ਸਾਗਰ
260 _aਚੰਡੀਗੜ
_b ਲੋਕਗੀਤ ਪ੍ਰਕਾFਨ
_c2011
300 _a112ਪੰ
_ccm.
650 _aਪੰਜਾਬੀ ਸਾਹਿਤ
942 _hO153,1NDAx, Q1
_cTEXL
_2CC
999 _c384573
_d384573